Loading...
Adisthana hydraulieam : fundamentals of hydraulics
| Main Author: | |
|---|---|
| Format: | Printed Book |
| Language: | Undetermined |
| Published: |
Thiruvananthapuram
State institute of languages
1982
|
| Subjects: |
| LEADER | 00560nam a2200169Ia 4500 | ||
|---|---|---|---|
| 008 | 140316s9999 xx 000 0 und d | ||
| 020 | |||
| 082 | |a 532 |b RAM/AD | ||
| 100 | |a Ramakrishnan,K | ||
| 245 | |a Adisthana hydraulieam : fundamentals of hydraulics | ||
| 260 | |a Thiruvananthapuram |b State institute of languages |c 1982 | ||
| 300 | |a 711 | ||
| 650 | |a Liquids | ||
| 650 | |a pipes flow | ||
| 942 | |2 ddc |c BK | ||
| 999 | |c 628 |d 628 | ||
| 952 | |0 0 |1 0 |2 ddc |4 0 |6 532_000000000000000_RAMAD |7 0 |9 725 |a KAUCLV |b KAUCLV |c GENERAL |d 2014-03-18 |o 532 RAM/AD |p 201696 |r 2014-03-18 |w 2014-03-18 |y BK | ||